000 00686nas a22001817a 4500
005 20140218115610.0
006 a|||||r|||| 00| 0
007 ta
008 140218b xxu||||| |||| 00| 0 eng d
245 _aCorporate courier :
_bunique all purpose magazine-cum-practice literature for CS, CA and corporate professionals /
_cedited by Avadhesh Ojha
260 _aJodhpur :
_bTax Publishers'
_c2014-
300 _av.
_c24 cm (Pbk)
310 _aFortnightly
_bVolume 112 No 3 Feb, 1, 2014
650 _aCorporate law
700 _aOjha, Avadhesh
270 _a7, Avad Vihar, Chopasani Road,
_bJodhpur
_e342009
_k2758910/11
_l0291-2758911
_mmail.taxpublishers@gmail.com
942 _2ddc
_cSR
_s1
999 _c82598
_d82598